Colombia y su política exterior en el siglo XXI/ (Registro nro. 17478)

Detalles MARC
000 -CABECERA
Campo de control 01586nam a22002777a 4500
005 - FECHA Y HORA DE LA ULTIMA TRANSACCION
Campo de control 20150625110622.0
008 - ELEMENTOS DE LONGITUD FIJA—INFORMACION GENERAL
Campo de control 150625b2005 ck ||||| |||| 00| 0 spa d
020 ## - ISBN
ISBN 9588101204
040 ## - FUENTE DE CATALOGACIÓN
Agencia catalogadora original CO-BoIAVH
Agencia transcriptora CO-BoIAVH
041 0# - IDIOMA
Código de idioma para texto/pista de sonido o título separado Español
044 ## - PAÍS DE PUBLICACIÓN
País de publicación Colombia
082 #4 - NUMERO DE CLASIFICACION DECIMAL DEWEY
Número de clasificación 327.101
Número del ítem A67c
100 1# - ASIENTO PRINCIPAL--NOMBRE PERSONAL
Nombre personal Ardila, Martha
Término relacionado Editora
245 1# - MENCION DE TITULO
Título Colombia y su política exterior en el siglo XXI/
Mención de responsabilidad Martha Ardila, Editora... [et. al.]
250 ## - MENCION DE EDICION
Mención de edición 1a. Edición
260 3# - PUBLICACION, DISTRIBUCION, ETC. (PIE DE IMPRENTA)
Lugar de publicación, distribución, etc. Bogotá:
Nombre del editor, distribuidor, etc. Gente Nueva,
Fecha de publicación, distribución, etc. 2005.
300 ## - DESCRIPCION FISICA
Extensión 412 p.
Dimensiones 22 cm.
504 ## - NOTA DE BIBLIOGRAFIA, ETC.
Nota de bibliografía Incluye bibliografías.
505 ## - NOTA DE CONTENIDO
Nota de contenido Presentación.<br/>Colombia y su mundo externo: Dinámicas y Tendencias.<br/>El conflicto colombiano: Una perspectiva global.<br/>Colombia: seguridad y política exterior.<br/>Los nuevos flujos poblacionales y la política exterior colombiana.<br/>Integración y tratados de libre comercio.<br/>La política exterior ambiental de Colombia en el ambito global.<br/>Hacedores de paz y defensores de derechos humanos.<br/>Conflictos institucionales y culturales en la formulación y evaluación de las políticas contra las drogas.<br/>Encrucijadas de la cooperación internacional en Colombia.<br/>Los instrumentos de inserción internacional y la política exterior: Hacia una diplomacia integral.
650 #4 - ASIENTO SECUNDARIO DE MATERIA - TERMINO TEMATICO
Término temático o nombre geográfico como elemento de entrada Política exterior
Subdivisión geográfica Colombia
650 #4 - ASIENTO SECUNDARIO DE MATERIA - TERMINO TEMATICO
Término temático o nombre geográfico como elemento de entrada Política ambiental
Subdivisión general Relaciones internacionales
Subdivisión geográfica Colombia
650 #4 - ASIENTO SECUNDARIO DE MATERIA - TERMINO TEMATICO
Término temático o nombre geográfico como elemento de entrada Políticas sociales
Subdivisión general Relaciones internacionales
Subdivisión geográfica Colombia
700 1# - ASIENTO SECUNDARIO - NOMBRE PERSONAL
Nombre personal Cardona, Diego.
Término de relación Editor
700 1# - ASIENTO SECUNDARIO - NOMBRE PERSONAL
Nombre personal Ramirez, Socorro
Término de relación Editora
942 ## - ELEMENTOS ADICIONALES (KOHA)
Sistema de clasificación Dewey Decimal Classification
Tipo de ítem Libro
Existencias
Withdrawn status Lost status Sistema de Clasificación Damaged status No para préstamo Colección Inventariado Ubicación Permanente Ubicación actual Fecha de adquisición Fuente de Valor Valor Total Checkouts Número topográfico Inventario / Código de Barras Date last seen Ejemplar Price effective from Forma de adquisición Tipo de material
    Dewey Decimal Classification     General Inventariado 2017 Bogotá Bogotá 25/06/2015 Instituto 30000.00   LB-327.101 A67c 039097 25/06/2015 Ej. 1 25/06/2015   Libro